Make smart decisions about training : (Record no. 132356)
[ view plain ]
| 000 -LEADER | |
|---|---|
| fixed length control field | 00796nam a22002297a 4500 |
| 005 - DATE AND TIME OF LATEST TRANSACTION | |
| control field | 20170124110153.0 |
| 010 ## - LIBRARY OF CONGRESS CONTROL NUMBER | |
| LC control number | B-228475 |
| 020 ## - INTERNATIONAL STANDARD BOOK NUMBER | |
| Terms of availability | 195.00 |
| International Standard Book Number | 8179924211 |
| 035 ## - SYSTEM CONTROL NUMBER | |
| System control number | B-228475 |
| 037 ## - SOURCE OF ACQUISITION | |
| Source of stock number/acquisition | Cen Lib/Ret |
| 040 ## - CATALOGING SOURCE | |
| Original cataloging agency | DPL |
| Language of cataloging | EN |
| 082 ## - DEWEY DECIMAL CLASSIFICATION NUMBER | |
| Classification number | 658.3124 |
| Item number | WHI |
| 100 ## - MAIN ENTRY--PERSONAL NAME | |
| Personal name | Whitmore, Paul G. |
| 9 (RLIN) | 34452 |
| 245 ## - TITLE STATEMENT | |
| Title | Make smart decisions about training : |
| Statement of responsibility, etc | by Paul G.Whitmore |
| Remainder of title | save money, time, & frustration / |
| 260 ## - PUBLICATION, DISTRIBUTION, ETC. (IMPRINT) | |
| Place of publication, distribution, etc | Mumbai |
| Name of publisher, distributor, etc | Jaico Publishing House |
| Date of publication, distribution, etc | 2005 |
| 270 ## - ADDRESS | |
| Address | 121 Mahatama Gandhi Road |
| City | Mumbai |
| Postal code | 400 023 |
| 300 ## - PHYSICAL DESCRIPTION | |
| Extent | 155p. |
| Dimensions | 23cm(pbk) |
| 500 ## - GENERAL NOTE | |
| General note | Includes bibliographical references and index<br/> |
| 650 ## - SUBJECT ADDED ENTRY--TOPICAL TERM | |
| Topical term or geographic name as entry element | Employees -- Training of -- Decision making |
| 9 (RLIN) | 34453 |
| 650 ## - SUBJECT ADDED ENTRY--TOPICAL TERM | |
| Topical term or geographic name as entry element | Training needs -- Decision making |
| 9 (RLIN) | 34454 |
| 942 ## - ADDED ENTRY ELEMENTS (KOHA) | |
| Source of classification or shelving scheme | Dewey Decimal Classification |
| Koha item type | English Books |
| Classification part | 658.3124 |
| Call number suffix | WHI |
| Withdrawn status | Lost status | Damaged status | Not for loan | Home library | Current library | Date acquired | Source of acquisition | Cost, normal purchase price | Total Checkouts | Full call number | Barcode | Date last seen | Copy number | Cost, replacement price | Price effective from | Koha item type | Source of classification or shelving scheme | Collection code |
|---|---|---|---|---|---|---|---|---|---|---|---|---|---|---|---|---|---|---|
| Central Library | Central Library | 22/07/2015 | Cen Lib/Ret | 195.00 | 658.3124 WHI | B-228475 | 22/07/2015 | 1 | 195.00 | 22/07/2015 | English Books | |||||||
| Sarojini Nagar | Sarojini Nagar | 13/04/2019 | 658.3124 WHI | B-228477 | 13/04/2019 | 13/04/2019 | English Books | Dewey Decimal Classification | Non-fiction |
